000 00342nam a2200145Ia 4500
008 150201s2004 xx 000 0 und d
082 _a617.643
_bO2004M
100 _aMIZRAHI
245 _aORTHODONTIC PEALALS
250 _a1ST
260 _bINFORMA HEALTH CARE
_aDELHI
_c2004
300 _a1-238
650 _aORTHODONTICS
942 _2ddc
_cBK
999 _c4561
_d4561